000 00514nam a2200169Ia 4500
999 _c5608
_d5608
003 OSt
005 20200123142635.0
008 190216s9999||||xx |||||||||||||| ||und||
040 _coclc
082 _a658.42
_bPAU/E
100 _aPaul, Jose
_91469
245 0 _aEntrepreneurship Development /
_cJose Paul ; N Ajith Kumar ; Paul T Mambilly
250 _a3rd ed.
260 _bHimalaya Publishing House,
_c1996.
_aMumbai:
300 _a256p
942 _cBK
_2ddc
_h658.42
_iPAU/E
_k658.42
_mPAU/E